| 000 | 00362nam a2200133 a 4500 | ||
|---|---|---|---|
| 001 | 000002028 | ||
| 005 | 20200929145815.0 | ||
| 008 | 090630s2008 dr 000 0 spa d | ||
| 020 | _a9789993484424 | ||
| 245 | 0 | 3 | _aLa bonificación en la empresa cooperativa : cuando procede pagarse? |
| 260 |
_aSanto Domingo, _c2008. |
||
| 910 | _aEn proceso | ||
| 999 |
_c1893 _d1893 |
||
| 040 | _aDO-SdBNP | ||